[Event "Czerniak Memorial 14th"]
[Site "Tel Aviv"]
[Date "1998.04.11"]
[Round "3"]
[White "Zifroni, Dov"]
[Black "Kundin, Alexander"]
[Result "1-0"]
[WhiteElo "2500"]
[BlackElo "2425"]
[Annotator "Kundin,A"]
[PlyCount "79"]
[EventDate "1998.04.09"]
[EventType "tourn"]
[EventRounds "9"]
[EventCountry "ISR"]
[EventCategory "9"]
[SourceTitle "CBM 065"]
[Source "ChessBase"]
[SourceDate "1998.08.06"]
[SourceVersion "1"]
[SourceVersionDate "1998.08.06"]
[SourceQuality "1"]

1. d4 d5 2. c4 c6 3. Nc3 Nf6 4. Nf3 e6 5. e3 Nbd7 6. Qc2 Bd6 7. Bd3 dxc4 8.
Bxc4 O-O 9. O-O b5 10. Be2 Bb7 11. Rd1 Qc7 12. Bd2 a6 13. b4 $1 {[%csl Yb7]} a5
(13... e5 14. Rac1 exd4 15. exd4 Nb6 16. Bd3 $14) 14. a3 (14. bxa5 $5 b4 (14...
Rxa5 15. Ne4 Ra4 16. Nxd6 Qxd6 $14) 15. Na4 Qxa5 (15... Rxa5 16. a3 $14 (16.
Nb2 $14)) 16. Nb2 $14 {[%cal Yb2c4,Ye3e4]}) 14... axb4 15. axb4 Nd5 (15... Rxa1
16. Rxa1 Nd5 17. Nxd5 exd5 $14) {[%tqu "En","Find a good move for white...","",
"","a1c1","",20,"c3d5","",0]} 16. Rac1 $1 $146 {[%cal Yc1c7][%mdl 8]} (16. Nxd5
exd5 $13) 16... Qb8 (16... Nxb4 17. Qb1 $44 {[%cal Ye3e4,Yc3b5,Yc3e4] /\e4,Nb5,
Ne4}) 17. Qb1 $1 (17. Nxd5 exd5 $13) 17... f5 $2 {This is a serious mistake.
Black shouldn't weaken his kingside; however,I didn't see another playable
continuation.} (17... Nxb4 18. Nxb5 cxb5 19. Bxb4 Bxb4 20. Qxb4 Bxf3 21. Bxf3
$16) (17... Re8 18. Ne4 $16 {[%cal Ye4c5,Ye4g5]}) 18. e4 $1 fxe4 19. Nxe4 {
[%csl Gb7,Gc6,Ge6,Gh7] Black's position is about to fall apart.} e5 $2 {
This move loses an exchange,but black's position is already strategically lost
because of the terrible bishop on b7.} (19... N7f6 20. Bd3 $16) 20. Nfg5 $18
N7f6 21. Nxf6+ Nxf6 22. Qb3+ Nd5 (22... Kh8 23. Nf7+ Rxf7 24. Qxf7 exd4 {
Black could hope for compensation,but his pieces are too misplaced.} 25. Bh6 $1
$18) 23. Qh3 h6 24. Qe6+ Kh8 25. dxe5 (25. Nf7+ {This is winning too.My
opponent didn't want me to have any counter play at all.} Rxf7 26. Qxf7 exd4
27. h3 $18) 25... hxg5 (25... Bxe5 26. Nf7+ Rxf7 27. Qxf7 $18) 26. exd6 Rf6 27.
Qg4 Qxd6 28. Bxg5 Rf7 29. Rd3 $6 {An inaccurate move, though white's victory
is undoubted.} (29. Qh5+ Kg8 30. Bd3 $1 g6 31. Bxg6 Rg7 32. Bf5 $18) 29... Kg8
30. Rd4 Bc8 31. Qg3 Qg6 32. h4 $1 Bf5 33. Bxb5 Nxb4 {Agony.} (33... cxb5 34.
Rxd5 $18) 34. Rd6 Qh5 35. Bc4 Nd5 36. Rxc6 Be4 37. f3 Ra3 38. Qd6 Raxf3 39.
Bxd5 Qg4 40. Bxe4 1-0

[Event "Dortmund SuperGM 39th"]
[Site "Dortmund"]
[Date "2011.07.28"]
[Round "7"]
[White "Nakamura, Hikaru"]
[Black "Le, Quang Liem"]
[Result "1/2-1/2"]
[WhiteElo "2770"]
[BlackElo "2715"]
[Annotator "Le Quang Liem"]
[PlyCount "112"]
[EventDate "2011.07.21"]
[EventType "tourn"]
[EventRounds "10"]
[EventCountry "GER"]
[EventCategory "20"]
[SourceTitle "CBM 144"]
[Source "ChessBase"]
[SourceDate "2011.09.16"]
[SourceVersion "1"]
[SourceVersionDate "2011.09.16"]
[SourceQuality "1"]

1. d4 d5 2. c4 c6 3. Nc3 Nf6 4. e3 e6 5. Nf3 Nbd7 6. Qc2 Bd6 7. Bd3 O-O 8. O-O
dxc4 9. Bxc4 a6 10. Rd1 b5 11. Bd3 Qc7 12. Bd2 {This line has been quite
topical lately, with most of the games being played in 2010 and 2011.} (12. Ne4
Nxe4 13. Bxe4 Nf6 14. Bd3 c5) 12... c5 13. dxc5 (13. Ne4 c4 14. Nxd6 Qxd6 15.
Be2 Bb7 16. b3 {is another theoretical discussion. For more details - see the
article in CMB 142.}) 13... Qxc5 ({The natural} 13... Nxc5 {runs into} 14. Bxb5
Bb7 (14... axb5 15. Nxb5 Qb6 16. Nxd6 Qxd6 17. Bb4) 15. Be2 Ng4 16. h3 Bh2+ 17.
Kf1 Nxf2 18. Kxf2 Ne4+ 19. Qxe4 $14) 14. b4 $146 {This new move creates no
problem for Black.} ({The game Ivanchuk - Leko, Khanty Mansiysk 2010 saw} 14.
a4 bxa4 (14... b4 $5 {is also playable.}) 15. Rxa4 Bb7 16. Rc4 Qa7 ({Black
could have improved with} 16... Bxf3 $1 17. Rxc5 Bxd1 18. Qxd1 Nxc5 $11) 17.
Ne4 $1 Nxe4 18. Bxe4 Bxe4 19. Qxe4 Rac8 20. Qd4 Bc5 21. Qc3 {and later on, the
Ukrainian managed to convert his slight positional advantage into a full point.
However, it is clear that Black was fine after the opening.}) (14. Ne4 Qxc2 15.
Bxc2 Be7) 14... Qc7 15. a4 bxa4 16. Qxa4 $6 {White's queen is not well placed
on the queenside.} (16. Nxa4 Qxc2 17. Bxc2 Bb7 $11) 16... Bb7 17. Qa5 Qb8 $36 {
Black's position is already more comfortable, with all his pieces being very
active and aiming at several targets.} 18. Be2 Rc8 (18... Bxf3 {is premature,
as after} 19. Bxf3 Bxh2+ (19... Bxb4 20. Qa4 Nc5 21. Qc2 Ra7 22. Rab1) 20. Kf1
Bc7 21. Qa2 {White has good compensation for the pawn.}) 19. Rdc1 (19. b5 $2 {
is bad because of} Rc5) 19... Ne5 (19... Ng4 $5 20. h3 (20. g3 Nge5 21. Nxe5
Nxe5 22. e4 Nc4 $15) 20... Bxf3 (20... Bh2+ 21. Kf1 Bxf3 22. gxf3 $1 Nxf2 $2
23. f4 Nxh3 24. Qh5) (20... Nge5 21. Nxe5 Bxe5) 21. Bxf3 Bh2+ 22. Kf1 Bc7 23.
Qb5 $1 (23. Qa4 Nh2+ 24. Ke2 Nxf3 25. gxf3 Nb6 26. Qb3 Be5 $15) 23... axb5 24.
Rxa8 Nh2+ 25. Ke2 Qxa8 26. Bxa8 Rxa8 27. Nxb5 Bd8 28. Rh1 Be7 29. Rxh2 Ra2 30.
Nc3 Rb2 31. Nd1 $11) 20. Nxe5 Bxe5 21. f4 (21. h3 {is probably more solid.
White just has to play accurately to hold the balance.}) 21... Bc7 22. Qa3 g5
$5 (22... e5 23. f5 e4 24. h3 Bh2+ 25. Kh1 Be5 {also looks promising for Black,
but I slightly prefer the text move.}) 23. Rf1 (23. Na4 $1 {is the way to
equality. It requires precise calculations, while Nakamura was in time trouble
here.} Rd8 (23... Ne4 24. Nc5 $1 Nxd2 25. Nd7 Qa7 26. Nf6+ Kg7 (26... Kh8 27.
Qd3 Ne4 28. Nxe4 gxf4 29. Rc5) 27. Nh5+ Kg8 (27... Kh8 28. Rxc7 Rxc7 29. Qb2+
f6 30. Qxf6+ Kg8 31. Qxg5+ Kf8 32. Qh6+ Kg8 33. Qxe6+ Rf7 34. Rd1 Be4 35. Kf2
Rd8 36. Rxd2 Rxd2 37. Nf6+ Kh8 38. Qe8+ Kg7 39. Nh5+ Kh6 40. Qxe4 $14) 28. Nf6+
$11) (23... gxf4 24. exf4 Bxf4 (24... Ne4 25. Nc5 Nxd2 26. Qg3+ Kh8 27. Qc3+
Kg8 28. Qg3+ $11) 25. Rxc8+ Bxc8 26. Bxf4 Qxf4 27. Rf1 Qd4+ 28. Kh1 $44) 24.
Bc3 Ne4 (24... Nd5 25. Bb2 a5 (25... gxf4 $2 26. e4) 26. b5 $13) 25. Nc5 gxf4
26. Bf3 Nxc5 (26... Nxc3 27. Nxb7 Nb5 28. Qa2) 27. bxc5 Bxf3 28. Rab1 Qc8 29.
gxf3 $11) (23. g3 $2 gxf4 24. gxf4 Kh8 $17) 23... Rd8 24. Rad1 Bc6 25. Kh1 $6 {
Natural, but gives Black a nice advantage. However, it is difficult to suggest
a sensible move for White.} ({Of course} 25. fxg5 $4 {is horrible, because
White will be mated soon after} Bxh2+ 26. Kh1 Qg3 27. Bf3 Bg1 $1 28. Kxg1 Ng4)
({Perhaps the best move is} 25. Qc1 $5 {In spite of his unpleasant position.
White is still holding,}) 25... Qb7 26. Bf3 g4 (26... Bxf3 27. Rxf3 (27. gxf3
g4 28. e4 (28. Na4 gxf3 29. Nc5 Qd5 30. e4 Nxe4) 28... Rd3 29. Be1 Rxd1 30.
Nxd1 Qb5 31. Rg1 Qe2 32. Qe3 Qxd1 33. Bh4 Bb6 $1 34. Rxd1 Bxe3 35. Bxf6 gxf3
$15) 27... g4 (27... Rd3 28. Be1 Rxd1 29. Nxd1 g4 30. Rf1 $15) 28. Rff1 Rac8 {
with more or less similar play to the game continuation.}) 27. Bxc6 Qxc6 28.
Qa2 Rd3 29. Rc1 Rad8 30. Be1 Rxe3 $2 {Hasty! This mistake throws away Black's
advantage.} (30... Nd5 $1 {would have keept good winning chances instead} 31.
Ne2 (31. Nxd5 Qxc1 32. Nf6+ Kf8 $1 $19) 31... Qb7 32. e4 Ne3 33. Rg1 Rd1 34.
Qb1 Rxc1 35. Qxc1 Bb6 $17 {Black's pieces dominate the board.}) 31. Qf2 (31.
Qb2 $1 {is stronger:} Ne4 32. Nxe4 (32. Nd1 Rxd1 33. Rxd1 Qb5 34. Bh4 Qh5 35.
Rc1 Qxh4 36. Rxc7 Ng3+ 37. Kg1 Ne2+ 38. Kh1 $11) 32... Qxe4 33. Qf6 Re2 34.
Qg5+ Kf8 35. Bf2 Qg6 36. Bc5+ Kg7 37. Qe7 Qe4 38. Bf2 Bxf4 39. Qxd8 Bxc1 40.
Bd4+ Kg6 41. Qf6+ Kh5 42. Qxf7+ Kg5 43. Qf6+ Kh5 44. Qf7+ $11 {and this long
forced line ends up in perpetual check!}) 31... Qc4 (31... Rdd3 32. b5 $1 axb5
33. Qh4 Bd8 (33... Rxc3 34. Qxf6 Rxc1 35. Qg5+ $11 {(this's the reason why
White had to play 32.b5! - to take the b4-square for the bishop)} Kf8 36. Bb4+
Bd6 37. Qd8+ Kg7 38. Qg5+) 34. Qg5+ Kh8 35. Bf2 Rh3 36. Ne2 Qb7 37. Qc5 Rh6 38.
Qf8+ Ng8 39. Bd4+ Rxd4 40. Nxd4 Qd5 41. Nf5 Qxf5 42. Qxd8 Qh5 43. h3 gxh3 44.
g3 $11) (31... Rh3 $2 32. Ne2 Qb7 33. Rxc7 $18) 32. Bd2 Red3 33. Nb1 {White is
out of danger now.} Qd5 34. Rxc7 Ne4 35. Qh4 (35. Qa7 $2 Ra8 $1 (35... Qh5 36.
Be1 g3 37. h3 Qe2 38. Qg1 $8 (38. Kg1 Nf2 $1 39. Bxf2 Rd1 $19) 38... Rd1 39.
Nc3 Rxe1 40. Nxe2 Nf2+ 41. Qxf2 gxf2 42. Ng3 Rdd1 43. Kh2 Rxf1 44. Nxf1 Rxf1
45. Kg3 Rb1 $15) 36. Qb6 Nxd2 37. Nxd2 Rxd2 $17) 35... Nxd2 36. Qxg4+ Kh8 37.
Qh4 Qf5 38. Nxd2 Rxd2 {The position is simplified to an equal ending. Black's
king is a bit exposed, but that should not be a big problem if he plays
carefully.} 39. h3 Qg6 40. Rf2 Kg7 41. Kh2 h6 42. Rc6 Rxf2 43. Qxf2 Qd3 44. f5
Qxf5 45. Qxf5 exf5 46. Rxa6 {The draw is inevitable.} Rd3 47. Rc6 Rb3 48. Rc4
Kg6 49. g3 Rb2+ 50. Kg1 Kg5 51. Kf1 Kf6 52. Ke1 Ke5 53. Kf1 Rb3 54. Kf2 Rb2+
55. Kf1 Rb3 56. Kf2 Rb2+ 1/2-1/2

[Event "Tata Steel-B 74th"]
[Site "Wijk aan Zee"]
[Date "2012.01.16"]
[Round "3"]
[White "Bruzon Batista, Lazaro"]
[Black "Motylev, Alexander"]
[Result "1/2-1/2"]
[WhiteElo "2691"]
[BlackElo "2677"]
[Annotator "Let's Check"]
[PlyCount "122"]
[EventDate "2012.01.14"]
[EventType "tourn"]
[EventRounds "13"]
[EventCountry "NED"]
[EventCategory "15"]
[SourceTitle "CBM 147"]
[Source "ChessBase"]
[SourceDate "2012.03.16"]
[SourceVersion "1"]
[SourceVersionDate "2012.03.16"]
[SourceQuality "1"]

1. d4 d5 2. c4 c6 3. Nc3 Nf6 4. e3 e6 5. Nf3 Nbd7 6. Qc2 Bd6 7. Bd3 O-O 8. O-O
dxc4 9. Bxc4 a6 10. Rd1 b5 11. Bd3 Bb7 12. Ng5 Bxh2+ 13. Kxh2 Ng4+ 14. Kg1 Qxg5
15. f3 Ngf6 16. e4 Qh4 17. Be3 e5 18. Ne2 Rad8 19. b4 Rfe8 20. Qc3 Nh5 21. Bc2
Nf4 22. Nxf4 exf4 23. Bf2 Qh6 24. a4 Nf6 25. axb5 cxb5 26. Bb3 Rc8 27. Qd2 Bxe4
28. Rxa6 $1 Bg6 29. Rc1 Rcd8 30. Re1 Qg5 31. Rxe8+ Rxe8 32. Qc1 h6 33. Qc5 Kh7
34. d5 $2 (34. Ra5 Rb8 35. Qxg5 $11) 34... Qf5 $19 35. Ra1 Qd3 36. Ba2 Ra8 $2 (
36... Re2 37. Qa7 Qc2 $19) 37. Qc1 $17 Nxd5 38. Bxd5 Rxa1 39. Qxa1 Qxd5 40. Qd4
Qxd4 41. Bxd4 Bd3 42. Kf2 g5 43. Bc5 Kg6 44. Bd6 Kg7 45. Bc5 f6 46. Bd6 Kf7 47.
Bc5 Ke6 48. Bb6 Kd5 49. Bd8 f5 50. Be7 Kc4 51. Bf8 h5 52. Be7 Kc3 53. Bxg5 Kxb4
54. Bxf4 Kb3 55. Kg3 Bf1 56. Kf2 Bc4 57. Kg3 b4 58. Kh4 Bf1 59. g4 hxg4 60.
fxg4 fxg4 61. Kxg4 Kc2 1/2-1/2

[Event "EU-ch 13th"]
[Site "Plovdiv"]
[Date "2012.03.27"]
[Round "7"]
[White "Pashikian, Arman"]
[Black "Froewis, Georg"]
[Result "1-0"]
[WhiteElo "2618"]
[BlackElo "2407"]
[Annotator "Let's Check Training"]
[PlyCount "63"]
[EventDate "2012.03.20"]
[EventType "swiss"]
[EventRounds "11"]
[EventCountry "BUL"]
[SourceTitle "CBM 148"]
[Source "ChessBase"]
[SourceDate "2012.05.16"]
[SourceVersion "1"]
[SourceVersionDate "2012.05.16"]
[SourceQuality "1"]

1. d4 d5 2. c4 c6 3. Nf3 Nf6 4. Nc3 e6 5. e3 Nbd7 6. Qc2 Bd6 7. Bd3 O-O 8. O-O
dxc4 9. Bxc4 a6 10. Rd1 c5 11. dxc5 Bxc5 12. Bd3 Be7 13. e4 Qc7 14. Bg5 Ne5 15.
Nd5 Nxd5 16. Qxc7 Nxc7 17. Bxe7 Re8 18. Nxe5 Rxe7 19. Rac1 Ne8 20. Nc4 Bd7 21.
Nb6 Rb8 22. e5 Bc6 {[%tqu "En","","","","d3a6","",10]} 23. Bxa6 $1 Bxg2 24. Nc8
Rxc8 (24... Kf8 25. Kxg2 bxa6 $18) 25. Rxc8 $18 Bc6 26. Bc4 f6 27. f4 Kf7 28.
f5 fxe5 29. fxe6+ Kg6 30. b4 Bf3 31. Rd7 Kf6 32. Rxe8 1-0

[Event "Bad Homburg"]
[Site "Bad Homburg"]
[Date "1998.07.26"]
[Round "9"]
[White "Lobron, Eric"]
[Black "Gabriel, Christian"]
[Result "0-1"]
[WhiteElo "2540"]
[BlackElo "2555"]
[Annotator "Lutz,C"]
[PlyCount "54"]
[EventDate "1998.07.17"]
[EventType "tourn"]
[EventRounds "9"]
[EventCountry "GER"]
[EventCategory "13"]
[SourceTitle "CBM 066"]
[Source "ChessBase"]
[SourceDate "1998.09.30"]
[SourceVersion "1"]
[SourceVersionDate "1998.09.30"]
[SourceQuality "1"]

1. d4 d5 2. Nf3 c6 3. c4 Nf6 4. Nc3 e6 5. e3 Nbd7 6. Qc2 Bd6 7. Bd3 O-O 8. O-O
dxc4 9. Bxc4 b5 10. Be2 Bb7 11. Rd1 Qb8 (11... Qc7 12. e4 e5 13. g3 Rad8 14.
dxe5 Nxe5 15. Bg5 Nxf3+ 16. Bxf3 Qe7 17. Rd2 Bc7 18. Rad1 Rxd2 19. Rxd2 Rd8 20.
Rxd8+ {1/2-1/2 Sadler,M-Horvath,C/Peer Gynt 1994/EXT 94}) 12. a3 (12. Ne4 Nxe4
13. Qxe4 c5 14. Qh4 Nf6 15. dxc5 Bxc5 16. b4 Be7 17. Bb2 Bd5 18. Bd3 {1/2-1/2
Malaniuk,V-Sherbakov,R/Katowice op 1991/EXT 91op}) (12. h3 a6 13. e4 (13. a4 b4
14. Ne4 Nxe4 15. Qxe4 c5 16. Qh4 Qd8 17. dxc5 Bxf3 18. Qxd8 Raxd8 19. gxf3 Nxc5
20. Kf1 Nb3 21. Rb1 Be5 22. Ke1 a5 23. f4 Bf6 24. e4 Rxd1+ 25. Bxd1 Nxc1 26.
Rxc1 Bxb2 27. Rc5 g6 {Schneider,S-De Wachter,M/WchJM U20 1997/EXP 59/1-0 (42)})
13... e5 14. dxe5 Nxe5 15. Bg5 Nxf3+ 16. Bxf3 Be5 17. Be3 Qc7 18. b4 c5 19.
Bxc5 Rfe8 20. Rac1 Bxc3 21. Qxc3 Bxe4 22. Qb3 Rac8 23. Be3 Qb7 24. Bxe4 Nxe4
25. Rxc8 Qxc8 26. Rc1 Qb7 {Lomineishvili,M-Van Linde,P/Groningen op 1997/EXP
62/0-1 (86)}) 12... a5 13. e4 b4 $5 {Bemüht sich um aktives Gegenspiel,
hinterläßt aber Schwächen in der c-Linie.} 14. Na4 b3 15. Qxb3 $2 {Danach
behält Schwarz recht.} (15. Qb1 $5 {ist ein ernsthafterer Test der schwarzen
Konzeption. Schwarz muß auf die Drohung e4-e5 reagieren.} Be7 (15... c5 16. e5
Bc6 17. exf6 Bxa4 18. fxg7 Kxg7 19. Qe4 $16) (15... e5 16. dxe5 Nxe5 17. Nxe5
Bxe5 18. h3 $16 {Das geschwächte Feld c5 springt ins Auge.}) 16. e5 Nd5 17. Bg5
$14 {Der Pb3 ist eher eine Schwäche als eine Stärke.}) 15... Nxe4 {Schwarz hat
jetzt keine Probleme mehr, da er zu ...c6-c5 kommt.} 16. Bc4 $6 {Sehr
ehrgeizig.} (16. Be3 c5 17. Rac1 cxd4 18. Bxd4 Bd5 {mit ausgeglichener
Stellung.}) 16... c5 17. d5 Ne5 18. Nxe5 Bxe5 19. h3 $2 {Bereits der
entscheidende Fehler.} (19. g3 exd5 20. Bxd5 Bxd5 21. Qxd5 (21. Qxb8 Raxb8 22.
Rxd5 Bd4) 21... Rd8 22. Qxd8+ Qxd8 23. Rxd8+ Rxd8 24. Be3 $11) 19... exd5 20.
Bxd5 Bh2+ $19 21. Kf1 (21. Kh1 Nxf2#) 21... Ba6+ {Nicht schlecht, aber 21...
Bxd5 gewann sofort.} (21... Bxd5 22. Qxb8 (22. Qxd5 Qb5+ $19) 22... Bc4+ $19)
22. Ke1 Bg1 $1 23. Be3 (23. Qxb8 Bxf2#) 23... Qxb3 24. Bxb3 Nxf2 $1 25. Nxc5 (
25. Bxf2 Rfe8+) 25... Rfe8 26. Kd2 Nxd1 27. Bxg1 Rad8+ 0-1